[Event "BCF-chT4S 1617 (4NCL)"]
[Site "England"]
[Date "2017.04.30"]
[Round "10.32"]
[White "Sully, David John"]
[Black "Brown, Alan M"]
[Result "1/2-1/2"]
[WhiteElo "2129"]
[BlackElo "1970"]
[PlyCount "121"]
[EventDate "2016.11.26"]
[EventType "team-swiss"]
[EventRounds "11"]
[EventCountry "ENG"]
[SourceTitle "EXT 2019"]
[Source "ChessBase"]
[SourceDate "2018.10.10"]
[SourceVersion "1"]
[SourceVersionDate "2018.10.10"]
[SourceQuality "1"]
[WhiteTeam "The Full Ponty"]
[BlackTeam "MK Phoenix II"]
[WhiteTeamCountry "WLS"]
[BlackTeamCountry "ENG"]

1. e4 e6 2. d4 d5 3. e5 c5 4. c3 Qb6 5. a3 Nc6 6. Nf3 c4 7. Nbd2 Na5 8. g3 Bd7 9. h4 Ne7 10. Bh3 Nec6 11. 0-0 Be7 12. Re1 h6 13. Rb1 Rc8 14. Kg2 Nb8 15. Qc2 Nb3 16. Nxb3 Ba4 17. Nfd2 Nc6 18. Qd1 cxb3 19. Qg4 Kf8 20. h5 Na5 21. Re3 Bb5 22. Rf3 Bd7 23. Nf1 Nc4 24. Ne3 Nxe3+ 25. Bxe3 Qd8 26. Qg6 Bf6 27. Qd3 Be7 28. Re1 Qe8 29. Qd1 Rc6 30. Qxb3 Rb6 31. Qc2 a5 32. b4 axb4 33. axb4 Rc6 34. Qd2 Qc8 35. Bf4 Ke8 36. Ra1 Rf8 37. Ra3 f5 38. exf6 Rxf6 39. Be5 Rxf3 40. Kxf3 Bf8 41. Kg2 Kf7 42. Bg4 Kg8 43. Be2 Qe8 44. Ra7 Qc8 45. Bb5 Rb6 46. Bxd7 Qxd7 47. Ra8 Rc6 48. Qf4 Rc8 49. Rxc8 Qxc8 50. Bd6 Bxd6 51. Qxd6 Qxc3 52. Qxe6+ Kh8 53. Qxd5 Qxb4 54. Qc5 Qb1 55. Qf8+ Kh7 56. Qf3 Qb4 57. d5 Kg8 58. Qf5 Qe7 59. Qf4 Qd7 60. d6 b5 61. Qb4 1/2-1/2

[Event "BCF-ch Week2 AM op"]
[Site "Aberystwyth"]
[Date "2014.07.30"]
[Round "3"]
[White "Sully, David John"]
[Black "Kalerwa, Edwin M"]
[Result "1-0"]
[WhiteElo "2083"]
[BlackElo "1835"]
[PlyCount "114"]
[EventDate "2014.07.28"]
[EventType "swiss"]
[EventRounds "5"]
[EventCountry "WLS"]
[SourceTitle "EXT 2017"]
[Source "ChessBase"]
[SourceDate "2016.10.25"]
[SourceVersion "1"]
[SourceVersionDate "2016.10.25"]
[SourceQuality "1"]

1. e4 c5 2. Nf3 d6 3. Bb5+ Nd7 4. 0-0 a6 5. Bd3 Ngf6 6. Re1 e6 7. c4 Be7 8. Nc3 0-0 9. Bf1 b6 10. d4 cxd4 11. Nxd4 Bb7 12. b3 Rc8 13. Bb2 Nc5 14. f3 g6 15. Qd2 e5 16. Nde2 Nh5 17. Rad1 Qe8 18. g3 Ne6 19. Nd5 Bxd5 20. cxd5 Ng5 21. Bg2 f5 22. exf5 gxf5 23. f4 exf4 24. Nxf4 Nxf4 25. Qxf4 Qd8 26. h4 Rc2 27. Ba1 b5 28. hxg5 Bxg5 29. Qd4 Bf6 30. Qe3 f4 31. Qe6+ Rf7 32. Qe8+ Qxe8 33. Rxe8+ Kg7 34. Bxf6+ Rxf6 35. Be4 Re2 36. Rf1 f3 37. Rc1 Kf7 38. Re6 Rxe6 39. dxe6+ Kxe6 40. Bxf3 Rxa2 41. Re1+ Kd7 42. Bd5 Rd2 43. Bg8 h6 44. Re6 Rd3 45. Rg6 Re3 46. Kf2 Re8 47. Bd5 Re5 48. Rg7+ Kd8 49. Bg8 a5 50. Rg6 Kc7 51. Rxh6 Kc6 52. g4 Re8 53. Bf7 Re7 54. Rf6 Kc5 55. g5 d5 56. g6 Ra7 57. g7 Ra8 1-0

[Event "BCF-chT3 1314 (4NCL)"]
[Site "England"]
[Date "2014.03.23"]
[Round "8.165"]
[White "Sully, David John"]
[Black "Wallace, Paul Anthony"]
[Result "0-1"]
[WhiteElo "2098"]
[BlackElo "2164"]
[PlyCount "75"]
[EventDate "2013.11.16"]
[EventType "team-swiss"]
[EventRounds "11"]
[EventCountry "ENG"]
[SourceTitle "EXT 2015"]
[Source "ChessBase"]
[SourceDate "2014.11.20"]
[SourceVersion "1"]
[SourceVersionDate "2014.11.20"]
[SourceQuality "1"]
[WhiteTeam "The Full Ponty"]
[BlackTeam "Cheddleton II"]
[WhiteTeamCountry "ENG"]
[BlackTeamCountry "ENG"]

1. e4 e5 2. Nf3 Nc6 3. Nc3 Nf6 4. Bb5 Bc5 5. 0-0 d6 6. d4 exd4 7. Nxd4 Bd7 8. Nxc6 bxc6 9. Bc4 0-0 10. Bg5 h6 11. Bh4 Re8 12. Qd3 Be6 13. Bb3 Qe7 14. Rfe1 Rad8 15. Rad1 Bg4 16. Rd2 Qe5 17. Bg3 Qh5 18. Kh1 Qg6 19. f3 Bd7 20. Bf2 Re5 21. Bxc5 Rxc5 22. f4 Re8 23. Rde2 Rh5 24. f5 Qg5 25. Kg1 Rh4 26. Qe3 Qh5 27. Qg3 Rg4 28. Qf3 Qg5 29. g3 h5 30. Qe3 h4 31. Qxg5 Rxg5 32. Kg2 Kf8 33. Kf3 g6 34. gxh4 Rh5 35. fxg6 Bg4+ 36. Kf2 Bxe2 37. gxf7 Re7 38. Rxe2 0-1

[Event "BCF-chT3 1314 (4NCL)"]
[Site "England"]
[Date "2014.03.22"]
[Round "7.245"]
[White "Harris, Michael"]
[Black "Sully, David John"]
[Result "0-1"]
[WhiteElo "2234"]
[BlackElo "2098"]
[PlyCount "90"]
[EventDate "2013.11.16"]
[EventType "team-swiss"]
[EventRounds "11"]
[EventCountry "ENG"]
[SourceTitle "EXT 2015"]
[Source "ChessBase"]
[SourceDate "2014.11.20"]
[SourceVersion "1"]
[SourceVersionDate "2014.11.20"]
[SourceQuality "1"]
[WhiteTeam "Bristol II"]
[BlackTeam "The Full Ponty"]
[WhiteTeamCountry "ENG"]
[BlackTeamCountry "ENG"]

1. Nc3 d5 2. e4 e6 3. b3 Nf6 4. e5 Nfd7 5. f4 c5 6. Nf3 Nc6 7. Bb5 Qc7 8. 0-0 a6 9. Bxc6 Qxc6 10. d3 Be7 11. Bb2 b5 12. Qe2 Bb7 13. Rae1 g6 14. Kh1 b4 15. Nb1 a5 16. Ng5 Bxg5 17. fxg5 a4 18. Qf2 Rf8 19. Nd2 axb3 20. axb3 Ra2 21. Rb1 Qc7 22. Qh4 Qd8 23. Qf4 Qe7 24. Nf3 d4 25. Ra1 Rxa1 26. Rxa1 Nb6 27. Ra7 Nd5 28. Qc1 Qc7 29. Qa1 Qc6 30. Qa5 Ne3 31. Rxb7 Qxb7 32. Qxc5 Rh8 33. Bxd4 Nd5 34. Nd2 Qc7 35. Qb5+ Kf8 36. Nc4 Kg7 37. Qa6 Qe7 38. Qa7 Qxa7 39. Bxa7 Ra8 40. Bg1 Ra2 41. g3 Rxc2 42. Bd4 Rc1+ 43. Kg2 Rd1 44. Nb2 Rd2+ 45. Kf3 Nc3 0-1

[Event "Paignton op"]
[Site "Paignton"]
[Date "2013.09.07"]
[Round "7"]
[White "Sully, David John"]
[Black "Fraser, John"]
[Result "1/2-1/2"]
[WhiteElo "2118"]
[BlackElo "1862"]
[PlyCount "77"]
[EventDate "2013.09.01"]
[EventType "swiss"]
[EventRounds "7"]
[EventCountry "ENG"]
[SourceTitle "EXT 2016"]
[Source "ChessBase"]
[SourceDate "2015.10.08"]
[SourceVersion "1"]
[SourceVersionDate "2015.10.08"]
[SourceQuality "1"]

1. e4 c5 2. Nf3 d6 3. Bb5+ Bd7 4. Bxd7+ Qxd7 5. c4 Nc6 6. Nc3 g6 7. d4 cxd4 8. Nxd4 Bg7 9. Be3 Nf6 10. f3 0-0 11. 0-0 Rfc8 12. Nde2 Qd8 13. Rc1 Qa5 14. b3 Rab8 15. Kh1 a6 16. a4 Nb4 17. Qd2 Qd8 18. Rfd1 Nd7 19. Bd4 Bxd4 20. Nxd4 Nc5 21. Rb1 Qb6 22. Nd5 Nxd5 23. exd5 Qd8 24. Re1 Qd7 25. Re3 Re8 26. Rbe1 e5 27. dxe6 Nxe6 28. h3 Nc5 29. Nc2 Rxe3 30. Rxe3 Re8 31. Rxe8+ Qxe8 32. b4 Nxa4 33. Qxd6 Qe2 34. Qd8+ Kg7 35. Qd4+ Kg8 36. Ne3 Nb2 37. Qd8+ Kg7 38. Qe7 Qe1+ 39. Kh2 1/2-1/2

[Event "Paignton op"]
[Site "Paignton"]
[Date "2013.09.05"]
[Round "5"]
[White "Sully, David John"]
[Black "Crombleholme, Alan K"]
[Result "1/2-1/2"]
[WhiteElo "2118"]
[BlackElo "2101"]
[PlyCount "39"]
[EventDate "2013.09.01"]
[EventType "swiss"]
[EventRounds "7"]
[EventCountry "ENG"]
[SourceTitle "EXT 2016"]
[Source "ChessBase"]
[SourceDate "2015.10.08"]
[SourceVersion "1"]
[SourceVersionDate "2015.10.08"]
[SourceQuality "1"]

1. e4 c6 2. c4 e5 3. Nf3 Nf6 4. Nc3 d6 5. h3 Be7 6. d4 Nbd7 7. Be2 0-0 8. 0-0 Qc7 9. Re1 Re8 10. Bf1 a6 11. Qc2 b5 12. a3 Bb7 13. Bd2 Rac8 14. Rac1 Bf8 15. b4 exd4 16. Nxd4 g6 17. Qb1 Qb8 18. Bf4 Ne5 19. Bxe5 dxe5 20. Nb3 1/2-1/2

[Event "BCF-chT3 1112 (4NCL)"]
[Site "England"]
[Date "2012.05.06"]
[Round "10.185"]
[White "Dickinson, Timothy R"]
[Black "Sully, David John"]
[Result "1-0"]
[WhiteElo "2152"]
[BlackElo "2076"]
[PlyCount "103"]
[EventDate "2011.11.12"]
[EventType "team-swiss"]
[EventRounds "11"]
[EventCountry "ENG"]
[SourceTitle "EXT 2013"]
[Source "ChessBase"]
[SourceDate "2012.11.22"]
[SourceVersion "1"]
[SourceVersionDate "2012.11.22"]
[SourceQuality "1"]
[WhiteTeam "Oxford II"]
[BlackTeam "The Full Ponty"]
[WhiteTeamCountry "ENG"]
[BlackTeamCountry "ENG"]

1. e4 e6 2. d4 d5 3. Nd2 dxe4 4. Nxe4 Bd7 5. Bd3 Bc6 6. Nf3 Nd7 7. Qe2 Ngf6 8. Nxf6+ Nxf6 9. Bg5 Be7 10. 0-0-0 Bxf3 11. Qxf3 Qd5 12. Qxd5 Nxd5 13. Bxe7 Nxe7 14. f4 0-0-0 15. c3 h5 16. Rhe1 g6 17. Kd2 c6 18. Ke3 b6 19. Ke4 Rh7 20. Bc4 Nf5 21. Ke5 Nd6 22. Bd3 Kd7 23. Kf6 Ne8+ 24. Kg5 Nd6 25. c4 h4 26. Kg4 Ne8 27. Bc2 Nf6+ 28. Kf3 Kc7 29. Bb3 Rd7 30. Re5 Rh8 31. d5 exd5 32. cxd5 Rhd8 33. d6+ Rxd6 34. Re7+ Nd7 35. Rxf7 Rxd1 36. Bxd1 Kd6 37. Rg7 Nf8 38. Bb3 a5 39. Kg4 b5 40. Kxh4 a4 41. Bc2 Ke6 42. Be4 Rd2 43. Bxc6 Rxb2 44. a3 b4 45. axb4 Rxb4 46. Kg4 a3 47. Ra7 Rb3 48. Be8 Rb2 49. Bf7+ Kd6 50. Kg3 Rc2 51. Rxa3 Rc7 52. Ra6+ 1-0

[Event "BCF-chT3 1112 (4NCL)"]
[Site "England"]
[Date "2012.03.31"]
[Round "7.81"]
[White "Sully, David John"]
[Black "Sharpe, Ian"]
[Result "1/2-1/2"]
[WhiteElo "2076"]
[BlackElo "2236"]
[PlyCount "47"]
[EventDate "2011.11.12"]
[EventType "team-swiss"]
[EventRounds "11"]
[EventCountry "ENG"]
[SourceTitle "EXT 2013"]
[Source "ChessBase"]
[SourceDate "2012.11.22"]
[SourceVersion "1"]
[SourceVersionDate "2012.11.22"]
[SourceQuality "1"]
[WhiteTeam "The Full Ponty"]
[BlackTeam "Guildford III"]
[WhiteTeamCountry "ENG"]
[BlackTeamCountry "ENG"]

1. e4 Nf6 2. Nc3 d5 3. exd5 Nxd5 4. g3 b6 5. Bg2 Bb7 6. Nf3 Nxc3 7. bxc3 e6 8. 0-0 Be7 9. d3 0-0 10. c4 Bf6 11. Rb1 Nc6 12. Nd2 Rb8 13. Ne4 Be7 14. Be3 Nd4 15. Bxd4 Qxd4 16. Qe2 Rfd8 17. Qe3 Qd7 18. Rb5 c5 19. Nd2 Bxg2 20. Kxg2 Bf6 21. Rb3 Qd4 22. a3 Qd7 23. Qe4 Qc7 24. Nf3 1/2-1/2

[Event "BCF-chT3S 1112 (4NCL)"]
[Site "England"]
[Date "2012.01.15"]
[Round "4.1"]
[White "Foster, Chantelle"]
[Black "Sully, David John"]
[Result "0-1"]
[WhiteElo "1786"]
[BlackElo "2076"]
[PlyCount "122"]
[EventDate "2011.11.12"]
[EventType "team-swiss"]
[EventRounds "6"]
[EventCountry "ENG"]
[SourceTitle "EXT 2013"]
[Source "ChessBase"]
[SourceDate "2012.11.22"]
[SourceVersion "1"]
[SourceVersionDate "2012.11.22"]
[SourceQuality "1"]
[WhiteTeam "Oxford III"]
[BlackTeam "The Full Ponty"]
[WhiteTeamCountry "ENG"]
[BlackTeamCountry "ENG"]

1. e4 e6 2. d4 d5 3. Nd2 dxe4 4. Nxe4 Bd7 5. Nf3 Bc6 6. Bd3 Nd7 7. 0-0 Ngf6 8. Ng3 Be7 9. b3 0-0 10. Bb2 Bxf3 11. Qxf3 c6 12. c4 a5 13. Rad1 a4 14. Bb1 axb3 15. axb3 Re8 16. d5 cxd5 17. cxd5 exd5 18. Nf5 Bf8 19. Nh6+ gxh6 20. Qg3+ Bg7 21. Rxd5 Qb8 22. Qd3 Nf8 23. Rf5 Ra6 24. Qf3 Ree6 25. Bd3 Rab6 26. Bc4 Rec6 27. Bd4 Ng6 28. Bxb6 Nh4 29. Qd3 Nxf5 30. Ba5 Nd6 31. Rd1 Nxc4 32. bxc4 Ne8 33. Bb4 Re6 34. g3 b6 35. Qf3 Qc7 36. Qd3 Bf6 37. Ba3 Kg7 38. Rc1 Qe5 39. Rd1 Qe2 40. Qb3 h5 41. Bb4 Qg4 42. Qd3 h4 43. f3 Qg6 44. Qxg6+ hxg6 45. Kf2 hxg3+ 46. hxg3 Rc6 47. Rc1 Nd6 48. Bxd6 Rxd6 49. Rb1 Rc6 50. Rb4 Be7 51. Ra4 Re6 52. Ra2 Bc5+ 53. Kg2 Re3 54. Rc2 Kf6 55. Rc1 Ke5 56. Rd1 Rc3 57. Re1+ Kd6 58. Re4 f5 59. Rh4 Ke6 60. Rh6 Kf6 61. Rh1 Rxc4 0-1

[Event "BCF-chT3 0910 (4NCL)"]
[Site "England"]
[Date "2010.03.28"]
[Round "8.1"]
[White "Sully, David John"]
[Black "Dunlop, Neil"]
[Result "1-0"]
[WhiteElo "2119"]
[BlackElo "1802"]
[PlyCount "45"]
[EventDate "2009.10.24"]
[EventType "team-tourn"]
[EventRounds "11"]
[EventCountry "ENG"]
[SourceTitle "EXT 2011"]
[Source "ChessBase"]
[SourceDate "2010.11.26"]
[SourceVersion "1"]
[SourceVersionDate "2010.11.26"]
[SourceQuality "1"]
[WhiteTeam "The Full Ponty"]
[BlackTeam "Bristol III"]
[WhiteTeamCountry "ENG"]
[BlackTeamCountry "ENG"]

1. e4 d6 2. d4 Nf6 3. Nc3 g6 4. h3 c6 5. g3 Qc7 6. a4 e5 7. Nge2 Bg7 8. Bg2 Be6 9. b3 Na6 10. Ba3 exd4 11. Qxd4 c5 12. Qd2 Rd8 13. Rd1 Ke7 14. 0-0 Ne8 15. Nf4 Bxc3 16. Qxc3 Rf8 17. Rfe1 f6 18. h4 Qc8 19. Bf1 g5 20. hxg5 fxg5 21. Nd5+ Kf7 22. Qf3+ Kg7 23. Bb2+ 1-0

[Event "BCF-chT3 0910 (4NCL)"]
[Site "England"]
[Date "2010.03.27"]
[Round "7.1"]
[White "Pugh, Derek"]
[Black "Sully, David John"]
[Result "1-0"]
[WhiteElo "2122"]
[BlackElo "2119"]
[PlyCount "60"]
[EventDate "2009.10.24"]
[EventType "team-tourn"]
[EventRounds "11"]
[EventCountry "ENG"]
[SourceTitle "EXT 2011"]
[Source "ChessBase"]
[SourceDate "2010.11.26"]
[SourceVersion "1"]
[SourceVersionDate "2010.11.26"]
[SourceQuality "1"]
[WhiteTeam "Bristol II"]
[BlackTeam "The Full Ponty"]
[WhiteTeamCountry "ENG"]
[BlackTeamCountry "ENG"]

1. e4 c5 2. Nc3 Nc6 3. g3 g6 4. Bg2 Bg7 5. d3 d6 6. Nh3 Nf6 7. 0-0 0-0 8. f4 Bg4 9. Qd2 Bd7 10. Nf2 Rb8 11. Ncd1 b5 12. Ne3 b4 13. g4 e6 14. Nh1 Ne8 15. Ng3 Nd4 16. Rf2 a5 17. a4 Bc6 18. g5 f6 19. h4 fxg5 20. hxg5 Rb7 21. Qd1 Qb8 22. Qg4 Re7 23. Qh4 Ref7 24. Ng4 Qd8 25. Bh1 h5 26. Nxh5 gxh5 27. Qxh5 Rxf4 28. Bxf4 Rxf4 29. Nh6+ Bxh6 30. Rxf4 Bg7 1-0

[Event "Torquay op"]
[Site "Torquay"]
[Date "2008.11.22"]
[Round "3"]
[White "Sully, David John"]
[Black "Edwards, Richard"]
[Result "1-0"]
[WhiteElo "2135"]
[BlackElo "1784"]
[PlyCount "107"]
[EventDate "2008.11.21"]
[EventType "swiss"]
[EventRounds "5"]
[EventCountry "ENG"]
[SourceTitle "EXT 2011"]
[Source "ChessBase"]
[SourceDate "2010.11.26"]
[SourceVersion "1"]
[SourceVersionDate "2010.11.26"]
[SourceQuality "1"]

1. e4 c5 2. Nf3 d6 3. d4 cxd4 4. Nxd4 Nf6 5. Nc3 e6 6. g3 a6 7. Bg2 Be7 8. 0-0 0-0 9. f4 Qc7 10. g4 Nc6 11. Nxc6 bxc6 12. g5 Nd7 13. f5 f6 14. g6 h6 15. Qh5 Re8 16. Rf3 d5 17. Bxh6 gxh6 18. g7 Bc5+ 19. Kh1 Re7 20. fxe6 Ne5 21. Rxf6 Rxe6 22. Qxh6 Nf7 23. Rxf7 Rxh6 24. Rxc7 Bg4 25. exd5 Rxh2+ 26. Kxh2 Bd6+ 27. Kh1 Bxc7 28. Re1 Bd6 29. Re4 Bf5 30. Rc4 c5 31. Ne4 Be5 32. c3 Kxg7 33. Nxc5 Bg3 34. Be4 Bh3 35. Ne6+ Kf6 36. Bg2 Bf5 37. Rc6 Ke5 38. Nd4 Bd7 39. Rh6 Rb8 40. b3 Rc8 41. Nc6+ Kf4 42. c4 Re8 43. Rf6+ Kg5 44. Rf7 Re1+ 45. Rf1 Re2 46. Nd4 Rxa2 47. c5 Bf2 48. Nf3+ Kf4 49. c6 Bg4 50. Nh2 Bf5 51. d6 Kg3 52. Rd1 Bb6 53. Nf1+ Kf4 54. d7 1-0

[Event "Torquay op"]
[Site "Torquay"]
[Date "2008.11.21"]
[Round "1"]
[White "Sully, David John"]
[Black "Campbell, Ian"]
[Result "1/2-1/2"]
[WhiteElo "2135"]
[BlackElo "2031"]
[PlyCount "60"]
[EventDate "2008.11.21"]
[EventType "swiss"]
[EventRounds "5"]
[EventCountry "ENG"]
[SourceTitle "EXT 2011"]
[Source "ChessBase"]
[SourceDate "2010.11.26"]
[SourceVersion "1"]
[SourceVersionDate "2010.11.26"]
[SourceQuality "1"]

1. e4 Nf6 2. e5 Nd5 3. d4 d6 4. c4 Nb6 5. exd6 exd6 6. Bd3 Be7 7. Ne2 Nc6 8. 0-0 0-0 9. Nbc3 Bg4 10. f3 Bh5 11. b3 Bg6 12. Be3 Re8 13. Bf2 Bh5 14. g3 Bg6 15. Bxg6 hxg6 16. d5 Ne5 17. Nd4 Qd7 18. Kg2 Bf8 19. Qd2 Rad8 20. Rad1 Qc8 21. h3 Ned7 22. a4 Nf6 23. a5 Nbd7 24. a6 Nc5 25. axb7 Qxb7 26. Rb1 Ncd7 27. Qc2 Ra8 28. Ra1 a6 29. Ra3 Ne5 30. Rfa1 c5 1/2-1/2

[Event "BCF-chT3 0809 (4NCL)"]
[Site "Hinckley Island"]
[Date "2008.10.18"]
[Round "1.1"]
[White "McLaughlin, Noel"]
[Black "Sully, David John"]
[Result "1/2-1/2"]
[WhiteElo "2025"]
[BlackElo "2135"]
[PlyCount "39"]
[EventDate "2008.10.18"]
[EventType "team-swiss"]
[EventRounds "11"]
[EventCountry "ENG"]
[SourceTitle "EXT 2010"]
[Source "ChessBase"]
[SourceDate "2010.11.25"]
[SourceVersion "1"]
[SourceVersionDate "2010.11.25"]
[SourceQuality "1"]
[WhiteTeam "AMCA Rhinos"]
[BlackTeam "FPONTY"]
[WhiteTeamCountry "ENG"]
[BlackTeamCountry "ENG"]

1. Nf3 b6 2. e4 Bb7 3. Nc3 Nf6 4. e5 Nd5 5. Nxd5 Bxd5 6. c4 Bxf3 7. Qxf3 Nc6 8. Qe4 e6 9. d4 Bb4+ 10. Bd2 Bxd2+ 11. Kxd2 f5 12. Qe3 0-0 13. Rd1 d6 14. Kc1 dxe5 15. dxe5 Qe7 16. Be2 Rad8 17. f4 a5 18. Bf3 Nb4 19. a3 Na6 20. g3 1/2-1/2

[Event "Paington op"]
[Site "Paington"]
[Date "2008.09.04"]
[Round "5"]
[White "Sully, David John"]
[Black "Jenks, Chris Bruce"]
[Result "1-0"]
[WhiteElo "2110"]
[BlackElo "2137"]
[PlyCount "107"]
[EventDate "2008.08.31"]
[EventType "swiss"]
[EventRounds "7"]
[EventCountry "ENG"]
[SourceTitle "EXT 2010"]
[Source "ChessBase"]
[SourceDate "2010.11.25"]
[SourceVersion "1"]
[SourceVersionDate "2010.11.25"]
[SourceQuality "1"]

1. e4 c5 2. Nf3 g6 3. d4 cxd4 4. Nxd4 Nc6 5. Nc3 Bg7 6. Nde2 Nf6 7. g3 0-0 8. Bg2 Rb8 9. a4 a6 10. 0-0 b5 11. axb5 axb5 12. Bf4 d6 13. Qc1 Bg4 14. h3 b4 15. hxg4 bxc3 16. Nxc3 Nxg4 17. Qd1 h5 18. Ra2 Bd4 19. Qe2 Nb4 20. Ra3 Qb6 21. Nd1 e5 22. Bg5 f6 23. Bc1 Rfc8 24. c3 Qb5 25. Qxb5 Rxb5 26. Rb3 Rb6 27. Bd2 Nd3 28. Ra3 Nxb2 29. cxd4 Rc2 30. Nxb2 Rbxb2 31. Bc3 Rb6 32. dxe5 dxe5 33. Ba1 Rd6 34. Bh3 Kg7 35. Ra7+ Kh6 36. Bxg4 hxg4 37. Ra4 Kg5 38. Rb4 Rdd2 39. Rb3 Ra2 40. Bc3 Re2 41. Rb4 Rac2 42. Rc4 f5 43. Rc7 Kf6 44. exf5 gxf5 45. Ba5 Ra2 46. Rc6+ Ke7 47. Bb4+ Kd7 48. Rd6+ Kc7 49. Rc1+ Kb7 50. Rd7+ Ka6 51. Bc5 Kb5 52. Be3 Rac2 53. Rxc2 Rxc2 54. Rd5+ 1-0

[Event "Paington op"]
[Site "Paington"]
[Date "2008.09.03"]
[Round "4"]
[White "Marsh, Roger DW"]
[Black "Sully, David John"]
[Result "0-1"]
[WhiteElo "2098"]
[BlackElo "2110"]
[PlyCount "82"]
[EventDate "2008.08.31"]
[EventType "swiss"]
[EventRounds "7"]
[EventCountry "ENG"]
[SourceTitle "EXT 2010"]
[Source "ChessBase"]
[SourceDate "2010.11.25"]
[SourceVersion "1"]
[SourceVersionDate "2010.11.25"]
[SourceQuality "1"]

1. d4 e6 2. Nf3 f5 3. g3 Nf6 4. Bg2 d5 5. 0-0 Bd6 6. c4 c6 7. b3 Qe7 8. Nc3 0-0 9. Bb2 Bd7 10. e3 Be8 11. Ne5 Nbd7 12. Nxd7 Qxd7 13. f3 Bh5 14. Qc1 Rae8 15. f4 Ne4 16. Nxe4 fxe4 17. Rf2 Qe7 18. Rc2 g5 19. Rf2 Bg6 20. Qd2 h5 21. fxg5 Rxf2 22. Qxf2 Rf8 23. Qd2 Qxg5 24. Rf1 Rxf1+ 25. Kxf1 h4 26. Bh3 Bf5 27. Bxf5 Qxf5+ 28. Qf2 hxg3 29. Qxf5 exf5 30. h3 f4 31. exf4 Bxf4 32. Kg2 Kf7 33. cxd5 cxd5 34. Bc3 Kg6 35. Be1 Be3 36. Kxg3 Bxd4 37. Kf4 Bf6 38. Bf2 a6 39. a4 Bc3 40. b4 Bxb4 41. Ke5 Bd2 0-1

[Event "Paington op"]
[Site "Paington"]
[Date "2008.09.01"]
[Round "2"]
[White "Huq, Robin"]
[Black "Sully, David John"]
[Result "1/2-1/2"]
[WhiteElo "1832"]
[BlackElo "2110"]
[PlyCount "55"]
[EventDate "2008.08.31"]
[EventType "swiss"]
[EventRounds "7"]
[EventCountry "ENG"]
[SourceTitle "EXT 2010"]
[Source "ChessBase"]
[SourceDate "2010.11.25"]
[SourceVersion "1"]
[SourceVersionDate "2010.11.25"]
[SourceQuality "1"]

1. d4 e6 2. Nf3 c5 3. c4 cxd4 4. Nxd4 Nf6 5. a3 a6 6. Nc3 d6 7. e4 Be7 8. Be2 Qc7 9. 0-0 0-0 10. Be3 b6 11. f3 Bb7 12. Rc1 Nbd7 13. Nb1 Rac8 14. Nd2 Rfe8 15. Bf2 Bf8 16. Rc3 Qb8 17. Bd3 d5 18. exd5 exd5 19. Qc2 Bd6 20. g3 g6 21. cxd5 Rxc3 22. Qxc3 Nxd5 23. Qc1 Nc5 24. Bb1 Ne3 25. Re1 Nd5 26. Rxe8+ Qxe8 27. Ne4 Nxe4 28. Bxe4 1/2-1/2

[Event "Paington op"]
[Site "Paington"]
[Date "2008.08.31"]
[Round "1"]
[White "Sully, David John"]
[Black "McMillan, Hamilton"]
[Result "1/2-1/2"]
[WhiteElo "2110"]
[BlackElo "1832"]
[PlyCount "96"]
[EventDate "2008.08.31"]
[EventType "swiss"]
[EventRounds "7"]
[EventCountry "ENG"]
[SourceTitle "EXT 2010"]
[Source "ChessBase"]
[SourceDate "2010.11.25"]
[SourceVersion "1"]
[SourceVersionDate "2010.11.25"]
[SourceQuality "1"]

1. e4 e5 2. Nf3 Nc6 3. Nc3 Nf6 4. g3 Bc5 5. Bg2 0-0 6. Nxe5 Re8 7. Nd3 Bd4 8. 0-0 Bxc3 9. dxc3 Nxe4 10. Re1 d5 11. Nf4 Nf6 12. Rxe8+ Qxe8 13. Nxd5 Nxd5 14. Bxd5 Be6 15. Bxe6 Qxe6 16. Bf4 Rd8 17. Qe1 Qd7 18. Qe2 Ne7 19. Re1 Ng6 20. Be3 Re8 21. Rd1 Qc6 22. Qd3 Ne5 23. Qd5 Qxd5 24. Rxd5 f6 25. Bf4 Kf7 26. Kg2 Ke6 27. Rd1 Re7 28. b3 c5 29. c4 Rd7 30. Rxd7 Nxd7 31. h4 a6 32. Kf3 b5 33. cxb5 axb5 34. a4 bxa4 35. bxa4 Kd5 36. a5 Kc6 37. c4 Nf8 38. Ke4 g6 39. g4 Nd7 40. g5 f5+ 41. Kd3 Nf8 42. Bb8 Kb7 43. Bf4 Ne6 44. Bd2 Ka6 45. Kc2 Nd4+ 46. Kb2 Nc6 47. Be3 Nxa5 48. Bxc5 Nxc4+ 1/2-1/2

[Event "Frome op"]
[Site "Frome"]
[Date "2008.05.10"]
[Round "3"]
[White "Mordue, A Tyson"]
[Black "Sully, David John"]
[Result "1/2-1/2"]
[WhiteElo "2317"]
[BlackElo "2110"]
[PlyCount "43"]
[EventDate "2008.05.09"]
[EventType "swiss"]
[EventRounds "5"]
[EventCountry "ENG"]
[SourceTitle "CBM 124 Extra"]
[Source "ChessBase"]
[SourceDate "2008.07.03"]
[SourceVersion "1"]
[SourceVersionDate "2008.07.03"]
[SourceQuality "1"]

1. e4 c5 2. Nc3 Nc6 3. Bb5 Nd4 4. Bc4 e6 5. Nge2 Nf6 6. 0-0 d5 7. exd5 exd5 8. Nxd5 Nxd5 9. Nxd4 cxd4 10. Qh5 Be6 11. Re1 Qd6 12. Qxd5 0-0-0 13. Qxd6 Bxd6 14. Bd3 Be7 15. b3 Rd7 16. Bb2 Rhd8 17. a3 h5 18. b4 Bf6 19. Rac1 h4 20. Be4 Rc7 21. f4 Kb8 22. h3 1/2-1/2

[Event "BCF-chT4 0708 (4NCL)"]
[Site "England"]
[Date "2008.05.04"]
[Round "10.1"]
[White "Sully, David John"]
[Black "Wippermann, Till"]
[Result "0-1"]
[WhiteElo "2110"]
[BlackElo "2443"]
[PlyCount "70"]
[EventDate "2007.09.15"]
[EventType "team-swiss"]
[EventRounds "11"]
[EventCountry "ENG"]
[SourceTitle "EXT 2009"]
[Source "ChessBase"]
[SourceDate "2008.11.26"]
[SourceVersion "1"]
[SourceVersionDate "2008.11.26"]
[SourceQuality "1"]
[WhiteTeam "Pontypridd"]
[BlackTeam "Celtic Tigers"]
[WhiteTeamCountry "ENG"]
[BlackTeamCountry "ENG"]

1. e4 c5 2. Nc3 Nc6 3. Bb5 Nd4 4. Bc4 g6 5. Nf3 d6 6. d3 Bg7 7. Nxd4 cxd4 8. Ne2 e6 9. 0-0 Ne7 10. Bb3 0-0 11. Bd2 d5 12. f3 a5 13. a4 e5 14. Qc1 Be6 15. Bh6 dxe4 16. Bxe6 exf3 17. Bxg7 Kxg7 18. Rxf3 fxe6 19. Rxf8 Qxf8 20. c3 Nc6 21. Qd2 Qc5 22. Kh1 Rf8 23. cxd4 exd4 24. Ng3 e5 25. Re1 Qb4 26. Qc1 Rf2 27. Ne4 Rc2 28. Qd1 Rxb2 29. Rf1 Qe7 30. Qg4 Nd8 31. h4 h5 32. Qg3 Rb6 33. Rf5 Nf7 34. Rxh5 Rb1+ 35. Kh2 Rf1 0-1

[Event "WLS-ch"]
[Site "Cardiff"]
[Date "2008.03.24"]
[Round "7"]
[White "Sully, David John"]
[Black "James, David J"]
[Result "1/2-1/2"]
[WhiteElo "2112"]
[BlackElo "2198"]
[PlyCount "33"]
[EventDate "2008.03.21"]
[EventType "swiss"]
[EventRounds "7"]
[EventCountry "WLS"]
[SourceTitle "CBM 123 Extra"]
[Source "ChessBase"]
[SourceDate "2008.05.06"]
[SourceVersion "1"]
[SourceVersionDate "2008.05.06"]
[SourceQuality "1"]

1. e4 c5 2. Nc3 d6 3. f4 Nc6 4. Nf3 g6 5. Bc4 Bg7 6. 0-0 Nf6 7. d3 0-0 8. a3 Nd4 9. Nxd4 cxd4 10. Ne2 d5 11. exd5 Nxd5 12. Ng3 b6 13. f5 Bb7 14. Qe2 Qd7 15. Kh1 Nf6 16. Bd2 Bd5 17. Bxd5 1/2-1/2